000
00334nam a2200145Ia 4500
005
20251222175922.0
008
251222s9999||||xx |||||||||||||| ||spa||
020
_a
9788490787601
082
_a
330/F54
100
_a
Físico Muñoz, María Del Valle
245
0
_a
Economía
250
_a
1ra.ed.
264
_b
Editex
942
_c
LIB
999
_c
40706
_d
40706